1518 1087 1221 1806 1287 1408 1064 1519 1159 1098 1941 1233 1593 1296 1930 1407 1860 1365 1911 1845 1314 1876 1020 1500 1421 1713 1508 1393 1972 1997 1435 1349 1899 1376 1886 1006 1474 1580 1276 1675 1678 1058 1334 1286 1140 1206 1687 1871 1270 1394 1469 1356 1281 1437 1015 1255 1499 1879 1765 1138 1448 1482 1901 1720 1600 1328 1514 1011 1620 1353 1561 1328 1922 1893 1372 1593 1376 1956 1427 1449 1790 1095 1461 1099 1556 1716 1061 1175 1251 1670 1099 1443 1336 1754 1073 1790 1979 1166 1993 BCNSPRNW ULIB Ver.6.0+V

เปลี่ยนเป็นภาษาไทย

Change to English
 แสดงรายละเอียดบรรณานุกรม
  กลับหน้าหลัก

Brief Record : Get Marc (ISO 2709) : E-mail record : QR code < ปิดหน้าต่าง
LEADER : 00000nam 2200000uu 4500
001    13399126254
003     ULIB
008    180827s2560||||th 000 0 tha d
020    ^a9786169283614
060    ^aWB105 พ265ก
100    ^aพรรณวิไล ตั้งกุลพานิชย์
245    ^aการฝึกปฏิบัติเวชหัตถการกู้ชีพขั้นสูง Course Workshop for Advance Resuscitative Procedures
250    ^aพิมพ์ครั้งที่ 1
260    ^aกรุงเทพฯ :^bวิทยาลัยแพทย์ฉุกเฉินแห่งประเทศไทย,^c2560
300    ^a220 หน้า^bภาพประกอบ
650    ^aการกู้ชีพ
650    ^aเวชศาสตร์ฉุกเฉิน
945    ^p500^l0^i004403
945    ^p500^l0^i004402
999    ^aประนอม เกษจรัล
รายการนี้ยังไม่มีแท็ก
คุณยังไม่ได้ล็อกอิน คุณสามารถมีกิจกรรมร่วมกับเว็บไซต์ได้ แต่ต้องล็อกอินก่อน ::
  ล็อกอิน

รายการสื่อสารสนเทศ

ลำดับที่ ประเภท เลขเรียก/บาร์โค้ด สถานที่ สถานะ
1. วิทยาศาสตร์การแพทย์ และสุขภาพ
หนังสือสำรอง
สถานะ=หนังสือสำรอง
WB105 พ265ก ฉ.1 
  Barcode: 004402
ห้องสมุดวิทยาเขตสวรรค์ประชารักษ์
►หนังสือทั่วไป
บนชั้น
2. วิทยาศาสตร์การแพทย์ และสุขภาพ
วิทยาศาสตร์การแพทย์ และสุขภาพ
WB105 พ265ก ฉ.2 
  Barcode: 004403
ห้องสมุดวิทยาเขตสวรรค์ประชารักษ์
►หนังสือทั่วไป
บนชั้น

รายการใกล้เคียง
    ชื่อเรื่อง [การฝึกปฏิบัติเวชหัตถการกู้ชีพขั้นสูง Course Workshop for Advance Resuscitative Procedures]

    ผู้แต่ง [พรรณวิไล ตั้งกุลพานิชย์]

    หัวเรื่อง [การกู้ชีพ]
    หัวเรื่อง [เวชศาสตร์ฉุกเฉิน]

BibComment


ยังไม่เคยถูกคอมเมนท์

คอมเมนท์ทรัพยากรรายการนี้
  คอมเมนท์: การฝึกปฏิบัติเวช..


 Copyright 2026. Bcnsprnw @Library